[Event "ODJM C 2018"]
[Site "Willingen GER"]
[Date "2018.05.26"]
[Round "9"]
[White "Torosyan, Bagrat"]
[Black "Wellßow, Keoki"]
[Result "0-1"]
[Termination "normal"]
[Board "3"]
[WhiteElo "1170"]
[BlackElo "1490"]
[WhiteClock "00:53:50"]
[BlackClock "00:27:36"]
[PlyCount "64"]
[WhiteFideId "16258134"]
[BlackFideId "16251075"]
[EventCountry "GER"]
[EventRounds "9"]
[EventType "swiss"]
[EventDate "2018.05.19"]

1. e4 {[%clk 1:30:57]} 1... d6 {[%clk 1:30:33]} 2. d4 {[%clk 1:31:21]} 2... Nf6
{[%clk 1:30:29]} 3. Nc3 {[%clk 1:31:33]} 3... g6 {[%clk 1:30:05]} 4. Be3 {
[%clk 1:30:55]} 4... Bg7 {[%clk 1:29:41]} 5. Be2 {[%clk 1:30:26]} 5... O-O {
[%clk 1:27:47]} 6. h3 {[%clk 1:30:30]} 6... Nbd7 {[%clk 1:26:20]} 7. Nf3 {
[%clk 1:30:36]} 7... c6 {[%clk 1:24:32]} 8. O-O {[%clk 1:30:33]} 8... a6 {
[%clk 1:19:35]} 9. Qd2 {[%clk 1:28:45]} 9... b5 {[%clk 1:16:47]} 10. a3 { [%clk
1:28:14]} 10... Bb7 {[%clk 1:11:20]} 11. b4 {[%clk 1:25:49]} 11... c5 { [%clk
1:07:42]} 12. bxc5 {[%clk 1:25:10]} 12... dxc5 {[%clk 1:04:56]} 13. dxc5 {[%clk
1:25:24]} 13... Nxe4 {[%clk 1:04:15]} 14. Qd3 {[%clk 1:18:41]} 14... Nxc3
{[%clk 1:01:15]} 15. Rac1 {[%clk 1:14:11]} 15... Qc7 {[%clk 0:55:20]} 16. Bd2
{[%clk 1:12:03]} 16... Nxc5 {[%clk 0:48:57]} 17. Qe3 {[%clk 1:11:33]} 17...
N5e4 18. Bxc3 {[%clk 0:59:57]} 18... Nxc3 {[%clk 0:43:08]} 19. Bd3 { [%clk
0:58:54]} 19... e5 {[%clk 0:38:00]} 20. Be2 {[%clk 0:57:07]} 20... e4 { [%clk
0:35:59]} 21. Nd4 {[%clk 0:57:09]} 21... Bxd4 {[%clk 0:36:07]} 22. Qd2 { [%clk
0:56:38]} 22... Rfd8 {[%clk 0:34:07]} 23. Qe1 {[%clk 0:56:29]} 23... a5 { [%clk
0:31:55]} 24. Kh1 {[%clk 0:54:43]} 24... b4 {[%clk 0:30:40]} 25. axb4 25...
axb4 {[%clk 0:29:00]} 26. f3 {[%clk 0:54:20]} 26... Nxe2 {[%clk 0:28:26]} 27.
Qxe2 {[%clk 0:54:42]} 27... Ba6 {[%clk 0:28:31]} 28. Qxe4 {[%clk 0:54:39]}
28... Bxf1 {[%clk 0:28:34]} 29. Rxf1 {[%clk 0:55:01]} 29... Qg3 {[%clk 0:28:17]
} 30. f4 {[%clk 0:54:34]} 30... Qe3 {[%clk 0:27:06]} 31. Qxe3 {[%clk 0:53:26]}
31... Bxe3 {[%clk 0:27:25]} 32. Re1 {[%clk 0:53:50]} 32... Bxf4 {[%clk 0:27:36]
} 0-1

[Event "ODJM C 2018"]
[Site "Willingen GER"]
[Date "2018.05.26"]
[Round "9"]
[White "I., Natascha"]
[Black "Bakalarz, Adrian"]
[Result "0-1"]
[Termination "normal"]
[Board "5"]
[WhiteElo "1131"]
[BlackElo "1206"]
[WhiteClock "00:01:07"]
[BlackClock "00:01:08"]
[PlyCount "84"]
[WhiteFideId "16257545"]
[BlackFideId "12955809"]
[EventCountry "GER"]
[EventRounds "9"]
[EventType "swiss"]
[EventDate "2018.05.19"]

1. e4 {[%clk 1:30:59]} 1... e5 {[%clk 1:30:57]} 2. Nf3 {[%clk 1:31:24]} 2...
Nf6 {[%clk 1:31:20]} 3. Nxe5 {[%clk 1:31:34]} 3... d6 {[%clk 1:31:45]} 4. Nf3 {
[%clk 1:31:52]} 4... Be7 {[%clk 1:32:13]} 5. Nc3 {[%clk 1:31:32]} 5... O-O {
[%clk 1:31:30]} 6. d4 {[%clk 1:30:18]} 6... d5 {[%clk 1:30:10]} 7. e5 { [%clk
1:27:06]} 7... Ne4 {[%clk 1:29:42]} 8. Bd3 {[%clk 1:21:08]} 8... Nxc3 { [%clk
1:23:02]} 9. bxc3 {[%clk 1:21:28]} 9... c5 {[%clk 1:10:42]} 10. Bd2 { [%clk
1:20:32]} 10... Nc6 {[%clk 1:10:15]} 11. O-O {[%clk 1:18:26]} 11... Bg4 { [%clk
1:09:28]} 12. Be3 {[%clk 1:15:21]} 12... b6 {[%clk 1:02:06]} 13. Be2 { [%clk
1:12:34]} 13... f6 {[%clk 0:58:59]} 14. h3 {[%clk 1:06:39]} 14... Bh5 { [%clk
0:50:39]} 15. Qd2 {[%clk 1:03:30]} 15... Qc7 {[%clk 0:46:42]} 16. exf6 { [%clk
1:02:49]} 16... Rxf6 {[%clk 0:33:04]} 17. dxc5 {[%clk 1:02:17]} 17... bxc5
{[%clk 0:31:04]} 18. Qxd5+ {[%clk 1:02:19]} 18... Bf7 {[%clk 0:31:20]} 19. Qd2
{[%clk 1:00:27]} 19... Qa5 {[%clk 0:28:17]} 20. Rfe1 {[%clk 0:55:48]} 20... Rd8
{[%clk 0:26:39]} 21. Qc1 {[%clk 0:49:34]} 21... c4 {[%clk 0:16:24]} 22. Bd2
{[%clk 0:48:33]} 22... Rfd6 {[%clk 0:14:55]} 23. Bf4 {[%clk 0:40:01]} 23...
R6d7 {[%clk 0:11:50]} 24. Bd2 {[%clk 0:38:28]} 24... Bf6 {[%clk 0:10:54]} 25.
Bf1 {[%clk 0:24:03]} 25... Bxc3 {[%clk 0:06:50]} 26. Bxc3 {[%clk 0:24:24]}
26... Qxc3 {[%clk 0:07:19]} 27. Re3 {[%clk 0:23:30]} 27... Qb4 {[%clk 0:05:39]}
28. Rb1 {[%clk 0:22:07]} 28... Qc5 {[%clk 0:02:42]} 29. Qb2 {[%clk 0:19:49]}
29... Bg6 {[%clk 0:01:08]} 30. Re2 {[%clk 0:19:18]} 30... c3 {[%clk 0:00:56]}
31. Qb3+ {[%clk 0:18:40]} 31... Kh8 {[%clk 0:00:36]} 32. g3 {[%clk 0:17:21]}
32... Nd4 {[%clk 0:00:36]} 33. Nxd4 {[%clk 0:16:57]} 33... Qxd4 {[%clk 0:01:02]
} 34. Bg2 {[%clk 0:15:13]} 34... h6 {[%clk 0:00:34]} 35. Re3 {[%clk 0:11:41]}
35... Rc7 {[%clk 0:00:34]} 36. Ree1 {[%clk 0:09:27]} 36... Rf8 {[%clk 0:00:32]}
37. Rf1 {[%clk 0:08:06]} 37... Qd2 {[%clk 0:00:46]} 38. Rbc1 {[%clk 0:07:10]}
38... Rcf7 {[%clk 0:00:33]} 39. Bd5 {[%clk 0:04:28]} 39... Rxf2 {[%clk 0:00:31]
} 40. Bc4 {[%clk 0:01:33]} 40... Rg2+ {[%clk 0:00:33]} 41. Kh1 {[%clk 0:00:49]}
41... Rh2+ {[%clk 0:00:42]} 42. Kg1 {[%clk 0:01:07]} 42... Qg2# {[%clk 0:01:08]
} 0-1

[Event "ODJM C 2018"]
[Site "Willingen GER"]
[Date "2018.05.26"]
[Round "9"]
[White "Hoffmann, Alexander"]
[Black "Glöckl, Simon"]
[Result "0-1"]
[Termination "normal"]
[Board "6"]
[WhiteElo "1059"]
[BlackElo "1321"]
[WhiteClock "00:31:25"]
[BlackClock "00:32:31"]
[PlyCount "42"]
[WhiteFideId "16240219"]
[BlackFideId "16266072"]
[EventCountry "GER"]
[EventRounds "9"]
[EventType "swiss"]
[EventDate "2018.05.19"]

1. e4 {[%clk 1:30:57]} 1... d6 {[%clk 1:30:54]} 2. d4 {[%clk 1:31:23]} 2... Nf6
{[%clk 1:31:18]} 3. Nc3 {[%clk 1:31:46]} 3... e5 {[%clk 1:31:41]} 4. Nf3 {
[%clk 1:32:09]} 4... Nbd7 {[%clk 1:31:34]} 5. Bc4 {[%clk 1:32:30]} 5... Be7 {
[%clk 1:30:08]} 6. O-O {[%clk 1:32:47]} 6... O-O {[%clk 1:30:09]} 7. Re1 {
[%clk 1:32:47]} 7... c6 {[%clk 1:27:02]} 8. a4 {[%clk 1:32:45]} 8... Qc7 {
[%clk 1:25:45]} 9. h3 {[%clk 1:28:53]} 9... exd4 {[%clk 1:21:29]} 10. Nxd4 {
[%clk 1:29:04]} 10... Ne5 {[%clk 1:20:25]} 11. Bb3 {[%clk 1:21:34]} 11... Bd7 {
[%clk 1:17:19]} 12. Bg5 {[%clk 1:13:25]} 12... Rad8 {[%clk 1:12:41]} 13. Qe2 {
[%clk 1:11:10]} 13... h6 {[%clk 1:03:57]} 14. Bh4 {[%clk 1:09:59]} 14... Bc8 {
[%clk 1:00:17]} 15. Qe3 {[%clk 0:56:05]} 15... Rfe8 {[%clk 0:56:32]} 16. Re2 {
[%clk 0:49:13]} 16... Nfg4 {[%clk 0:41:20]} 17. Qg3 {[%clk 0:41:05]} 17... Bxh4
{[%clk 0:40:30]} 18. Qxh4 {[%clk 0:41:21]} 18... Nf6 {[%clk 0:39:30]} 19. Rae1
{[%clk 0:39:02]} 19... Re7 {[%clk 0:34:51]} 20. Qg3 {[%clk 0:33:08]} 20... Rde8
{[%clk 0:32:31]} 21. Qd3 {[%clk 0:31:25]} 21... Nxd3 0-1

[Event "ODJM C 2018"]
[Site "Willingen GER"]
[Date "2018.05.26"]
[Round "9"]
[White "Feil, Alexander"]
[Black "Wilmink, Luca"]
[Result "1-0"]
[Termination "normal"]
[Board "7"]
[WhiteElo "1361"]
[BlackElo "1267"]
[PlyCount "151"]
[WhiteFideId "4002954"]
[BlackFideId "16245253"]
[EventCountry "GER"]
[EventRounds "9"]
[EventType "swiss"]
[EventDate "2018.05.19"]

1. e4 c5 2. d4 cxd4 3. c3 dxc3 4. Nxc3 Nc6 5. Nf3 Nf6 6. e5 Ng4 7. Bf4 e6 8. h3
Nh6 9. Bc4 g6 10. Bg5 Qc7 11. Bf6 Rg8 12. O-O Bg7 13. Nb5 Qb8 14. Bxg7 Rxg7 15.
Qd6 Qxd6 16. exd6 Kd8 17. Nc7 Rb8 18. Rfe1 Nf5 19. Rad1 g5 20. Rd5 Nxd6 21.
Nxe6+ fxe6 22. Rxd6 Kc7 23. Red1 b5 24. Bb3 Bb7 25. R6d3 h5 26. Rc1 g4 27. hxg4
hxg4 28. Nh4 Kb6 29. g3 Rf8 30. Re1 Rgf7 31. Re2 b4 32. Red2 Kc7 33. Re3 Rd8
34. Re4 Rg7 35. Bd1 Rdg8 36. Ba4 a5 37. Re3 Rf7 38. Rc2 Kb8 39. Bxc6 Bxc6 40.
Re5 a4 41. Re4 Kc7 42. Rxb4 Rh8 43. Rxg4 Rh5 44. Rc3 Rff5 45. Rxc6+ Kxc6 46.
Nxf5 Rxf5 47. Rxa4 Rd5 48. Rc4+ Kd6 49. Rc2 Rd1+ 50. Kg2 Kd5 51. Kf3 Kd4 52.
Ke2 Ra1 53. Rd2+ Ke5 54. Rxd7 Rxa2 55. Rd2 Ke4 56. f3+ Kf5 57. b4 Ra4 58. Rb2
e5 59. Rb3 e4 60. Ke3 exf3 61. Kxf3 Kf6 62. b5 Ra8 63. b6 Rb8 64. b7 Kg7 65. g4
Kg6 66. Rb6+ Kg5 67. Rb5+ Kg6 68. g5 Kg7 69. Kg4 Kg6 70. Rb6+ Kg7 71. g6 Kg8
72. Kg5 Kg7 73. Rb1 Kg8 74. Kh6 Kh8 75. Rc1 Re8 76. Rc8 1-0

[Event "ODJM C 2018"]
[Site "Willingen GER"]
[Date "2018.05.26"]
[Round "9"]
[White "Keck, Johannes"]
[Black "Kail, Oliver"]
[Result "1-0"]
[Termination "normal"]
[Board "8"]
[WhiteElo "1147"]
[BlackElo "1479"]
[PlyCount "58"]
[WhiteFideId "16258746"]
[BlackFideId "16228820"]
[EventCountry "GER"]
[EventRounds "9"]
[EventType "swiss"]
[EventDate "2018.05.19"]

1. e4 e5 2. Nf3 Nc6 3. Bc4 Bc5 4. c3 Nf6 5. d3 O-O 6. Nbd2 d6 7. O-O Bg4 8. Bb3
Re8 9. h3 Bh5 10. Re1 b5 11. a3 a5 12. Nf1 b4 13. Ng3 Bxf3 14. Qxf3 bxa3 15.
bxa3 a4 16. Bc4 Rb8 17. Nf5 Rf8 18. Qg3 g6 19. Bg5 Nh5 20. Bxd8 Nxg3 21. Bxc7
Rb7 22. Bxd6 Bxd6 23. Nxd6 Rd7 24. Nxf7 Rdxf7 25. Bxf7+ Rxf7 26. fxg3 Rd7 27.
Red1 Kf7 28. Rab1 Ke6 29. Rb6 Rd6 1-0

[Event "ODJM C 2018"]
[Site "Willingen GER"]
[Date "2018.05.26"]
[Round "9"]
[White "Lohrmann, Linus"]
[Black "Zalomska, Nikola"]
[Result "0-1"]
[Termination "normal"]
[Board "9"]
[WhiteElo "1369"]
[BlackElo "1174"]
[PlyCount "132"]
[WhiteFideId "12982857"]
[BlackFideId "16241290"]
[EventCountry "GER"]
[EventRounds "9"]
[EventType "swiss"]
[EventDate "2018.05.19"]

1. e4 e5 2. Nf3 Nc6 3. d4 exd4 4. Bc4 Bb4+ 5. c3 dxc3 6. O-O d6 7. a3 Bc5 8. b4
Bb6 9. Nxc3 Be6 10. Qb3 Bxc4 11. Qxc4 h6 12. Be3 Nge7 13. Rad1 f6 14. Nd5 Nxd5
15. Qxd5 Bxe3 16. Qh5+ Kd7 17. Qg4+ Ke8 18. Qxg7 Bxf2+ 19. Rxf2 Rf8 20. Qg6+
Ke7 21. Nh4 Ne5 22. Qh7+ Rf7 23. Nf5+ Ke6 24. Ng7+ Ke7 25. Qf5 Qd7 26. Rdf1
Raf8 27. Qh7 Kd8 28. Rxf6 Rxf6 29. Rxf6 Rxf6 30. Qg8+ Ke7 31. Nf5+ Rxf5 32.
exf5 Qxf5 33. Qg7+ Nf7 34. Qg3 Qb1+ 35. Kf2 Qb2+ 36. Kf1 Qc1+ 37. Kf2 Qg5 38.
Qb3 Qf5+ 39. Kg1 Qe5 40. Kf1 a6 41. h3 b5 42. Qc2 c5 43. a4 Qf4+ 44. Kg1 Qxb4
45. axb5 axb5 46. Qe2+ Ne5 47. Kh1 c4 48. Qh5 Qb1+ 49. Kh2 Qg6 50. Qh4+ Qg5 51.
Qd4 Nf3+ 52. gxf3 Qe5+ 53. Qxe5+ dxe5 54. Kg3 c3 55. Kg4 c2 56. Kf5 c1=Q 57.
Kxe5 Qe3+ 58. Kf5 Qxf3+ 59. Ke5 b4 60. Kd4 b3 61. Kc4 b2 62. Kd4 b1=R 63. Kc4
Rd1 64. Kc5 Qc3+ 65. Kb5 Rb1+ 66. Ka4 Qa1# 0-1

[Event "ODJM C 2018"]
[Site "Willingen GER"]
[Date "2018.05.26"]
[Round "9"]
[White "Kretschmer, Sven"]
[Black "Guo, Jacob Tingshen"]
[Result "1-0"]
[Termination "normal"]
[Board "12"]
[WhiteElo "1201"]
[BlackElo "1108"]
[PlyCount "117"]
[WhiteFideId "16234650"]
[BlackFideId "16245245"]
[EventCountry "GER"]
[EventRounds "9"]
[EventType "swiss"]
[EventDate "2018.05.19"]

1. e4 e5 2. Nf3 Nc6 3. Bc4 Bc5 4. d3 Nf6 5. h3 Na5 6. Nxe5 Nxc4 7. Nxc4 h6 8.
Be3 Bxe3 9. fxe3 d5 10. exd5 Qxd5 11. O-O Qg5 12. Qf3 O-O 13. Nc3 Re8 14. Ne4
Qg6 15. Nxf6+ Qxf6 16. Qxf6 gxf6 17. Rxf6 Kg7 18. Raf1 Be6 19. Ne5 Rf8 20. d4
c6 21. a3 Rac8 22. R6f4 Rc7 23. c3 f6 24. Ng4 Rcf7 25. e4 Kg6 26. Ne3 h5 27. g4
hxg4 28. hxg4 b5 29. e5 fxe5 30. Rxf7 Rxf7 31. dxe5 Rxf1+ 32. Kxf1 a5 33. b4 a4
34. Ke2 Kg5 35. Kd3 Kf4 36. Kd4 Bd7 37. c4 bxc4 38. Nxc4 Kxg4 39. Kc5 Kf5 40.
Kd6 Be8 41. Na5 Kg6 42. Nxc6 Bxc6 43. Kxc6 Kf7 44. b5 Ke6 45. b6 Kxe5 46. b7
Kd4 47. b8=Q Ke4 48. Qd6 Ke3 49. Kc5 Ke4 50. Qd5+ Ke3 51. Qd4+ Ke2 52. Kc4 Kf3
53. Kd3 Kg3 54. Qe4 Kf2 55. Qe3+ Kf1 56. Qe2+ Kg1 57. Ke3 Kh1 58. Kf3 Kg1 59.
Qg2# 1-0

[Event "ODJM C 2018"]
[Site "Willingen GER"]
[Date "2018.05.26"]
[Round "9"]
[White "Sieber, Cassandra"]
[Black "Winkler, Yonathan"]
[Result "0-1"]
[Termination "normal"]
[Board "13"]
[WhiteElo "1001"]
[BlackElo "1307"]
[PlyCount "94"]
[WhiteFideId "16266218"]
[BlackFideId "16266080"]
[EventCountry "GER"]
[EventRounds "9"]
[EventType "swiss"]
[EventDate "2018.05.19"]

1. e4 e5 2. Nf3 Nf6 3. Nc3 Nc6 4. Bb5 Bb4 5. O-O O-O 6. d3 d6 7. h3 h6 8. Bd2
Bd7 9. Nd5 Bxd2 10. Nxf6+ Qxf6 11. Qxd2 Bxh3 12. Qe3 Bd7 13. c3 Qe7 14. Rad1 a6
15. Ba4 Rab8 16. d4 exd4 17. Nxd4 Nxd4 18. Bxd7 Qxd7 19. Qxd4 Rfe8 20. e5 Rbd8
21. Qb4 c5 22. Qf4 Rxe5 23. Rd3 Re6 24. Rfd1 Rf6 25. Qg3 Qc6 26. Qh4 Re8 27.
Qh2 d5 28. Qh5 Qb6 29. Rb1 d4 30. Rbd1 Qxb2 31. cxd4 Qxf2+ 32. Kh2 cxd4 33.
R1d2 Qf4+ 34. g3 Qf1 35. Rxd4 Rf2+ 36. Rxf2 Qxf2+ 37. Kh3 Qxd4 38. Qf3 Qd7+ 39.
g4 Qd2 40. a4 Re3 41. Qxe3 Qxe3+ 42. Kh4 Qf4 43. a5 f5 44. Kh3 Qxg4+ 45. Kh2 f4
46. Kh1 f3 47. Kh2 Qg2# 0-1

[Event "ODJM C 2018"]
[Site "Willingen GER"]
[Date "2018.05.26"]
[Round "9"]
[White "Conrad, Max"]
[Black "Scharf, Christian"]
[Result "1-0"]
[Termination "normal"]
[Board "14"]
[WhiteElo "1013"]
[BlackElo "1246"]
[PlyCount "37"]
[WhiteFideId "16265572"]
[BlackFideId "16266110"]
[EventCountry "GER"]
[EventRounds "9"]
[EventType "swiss"]
[EventDate "2018.05.19"]

1. d4 Nf6 2. Bf4 e6 3. e3 c5 4. c3 b6 5. Nf3 Bb7 6. Bd3 Be7 7. Nbd2 cxd4 8.
cxd4 d6 9. O-O O-O 10. Qe2 Nc6 11. a3 Qc7 12. Rac1 Rfc8 13. e4 Nxd4 14. Nxd4
Qxc1 15. Rxc1 Rxc1+ 16. Nf1 e5 17. Bxc1 exd4 18. e5 dxe5 19. Qxe5 1-0

[Event "ODJM C 2018"]
[Site "Willingen GER"]
[Date "2018.05.26"]
[Round "9"]
[White "Bone, Franziska"]
[Black "Zobel, Christian Erik"]
[Result "1-0"]
[Termination "normal"]
[Board "15"]
[WhiteElo "920"]
[BlackElo "1240"]
[PlyCount "48"]
[WhiteFideId "16261488"]
[BlackFideId "16259068"]
[EventCountry "GER"]
[EventRounds "9"]
[EventType "swiss"]
[EventDate "2018.05.19"]

1. e4 e5 2. Nf3 Nc6 3. Bc4 Bc5 4. c3 Nf6 5. d4 exd4 6. cxd4 Bb6 7. Nc3 d6 8. h3
h6 9. O-O Bd7 10. Bf4 Qe7 11. Re1 O-O-O 12. e5 dxe5 13. dxe5 Nh7 14. Nd5 Qc5
15. Nxb6+ Qxb6 16. Bxf7 Bxh3 17. Qc2 Bg4 18. Qc3 Bxf3 19. Qxf3 Qxb2 20. e6 Kb8
21. Rab1 Qc2 22. Rec1 Qg6 23. Qxc6 b6 24. Qxc7+ Ka8 1-0

[Event "ODJM C 2018"]
[Site "Willingen GER"]
[Date "2018.05.26"]
[Round "9"]
[White "Altgelt, Helene"]
[Black "Butenandt, Albrecht"]
[Result "1-0"]
[Termination "normal"]
[Board "16"]
[WhiteElo "1199"]
[BlackElo "1138"]
[PlyCount "39"]
[WhiteFideId "16232020"]
[BlackFideId "16213424"]
[EventCountry "GER"]
[EventRounds "9"]
[EventType "swiss"]
[EventDate "2018.05.19"]

1. e4 c5 2. Nf3 d6 3. d4 cxd4 4. Nxd4 Nf6 5. Nc3 e6 6. Be2 Be7 7. f4 Nbd7 8.
Nb3 a6 9. a4 b6 10. O-O Bb7 11. Bf3 O-O 12. Be3 Rc8 13. Qd3 Qc7 14. Rad1 Rfd8
15. Qe2 Bc6 16. Qxa6 Ra8 17. Qc4 Qb7 18. Rd2 Rdc8 19. Qd3 Bxa4 20. e5 1-0

[Event "ODJM C 2018"]
[Site "Willingen GER"]
[Date "2018.05.26"]
[Round "9"]
[White "Zinnikus, Elias"]
[Black "Pham, Anh Tuan"]
[Result "0-1"]
[Termination "normal"]
[Board "17"]
[WhiteElo "944"]
[BlackElo "1149"]
[PlyCount "109"]
[WhiteFideId "16245024"]
[BlackFideId "16245229"]
[EventCountry "GER"]
[EventRounds "9"]
[EventType "swiss"]
[EventDate "2018.05.19"]

1. Nf3 c6 2. d4 d5 3. c4 Nf6 4. Nc3 h6 5. Bf4 e6 6. e3 Qa5 7. Rc1 Qb4 8. Qc2
Qa5 9. a3 Ne4 10. Bd3 Nd6 11. O-O Nxc4 12. Rfe1 b5 13. e4 Bb7 14. exd5 cxd5 15.
Re2 Be7 16. Ne5 Bf6 17. Nxc4 bxc4 18. Bh7 Qa6 19. Rd1 Nd7 20. Bf5 Kd8 21. Bg4
h5 22. Bh3 g5 23. Be5 g4 24. Bxf6+ Nxf6 25. Bxg4 Nxg4 26. Qd2 Qd6 27. Qg5+ Qe7
28. Qxe7+ Kxe7 29. Nb5 Rhg8 30. f3 Nf6 31. Rde1 Rgc8 32. Kf2 Ba6 33. Nc3 Rab8
34. g3 Kd6 35. Ke3 Re8 36. Kd2 Rxb2+ 37. Kc1 Rxe2 38. Rxe2 e5 39. dxe5+ Rxe5
40. Rxe5 Kxe5 41. Kd2 Kd6 42. h3 d4 43. Ne4+ Nxe4+ 44. fxe4 Ke5 45. g4 hxg4 46.
h4 Kxe4 47. h5 Bc8 48. a4 c3+ 49. Kd1 Ke3 50. h6 Bf5 51. Kc1 d3 52. Kd1 c2+ 53.
Kc1 d2+ 54. Kb2 c1=Q+ 55. Ka2 0-1

[Event "ODJM C 2018"]
[Site "Willingen GER"]
[Date "2018.05.26"]
[Round "9"]
[White "Hernando, Leonard"]
[Black "Herbertz, Daria"]
[Result "1/2-1/2"]
[Termination "normal"]
[Board "18"]
[WhiteElo "1107"]
[BlackElo "1394"]
[PlyCount "43"]
[WhiteFideId "16266170"]
[BlackFideId "16222989"]
[EventCountry "GER"]
[EventRounds "9"]
[EventType "swiss"]
[EventDate "2018.05.19"]

1. e4 c5 2. d4 cxd4 3. c3 d3 4. Bxd3 Nc6 5. Nf3 e5 6. c4 Nf6 7. O-O Bc5 8. Nc3
h6 9. Bd2 O-O 10. a3 a5 11. h3 d6 12. Nd5 Nxd5 13. exd5 Nd4 14. Nxd4 Bxd4 15.
Qc1 Qb6 16. Bxh6 gxh6 17. Qxh6 f5 18. Qg6+ Kh8 19. Qh6+ Kg8 20. Qg6+ Kh8 21.
Qh6+ Kg8 22. Qg6+ 1/2-1/2

[Event "ODJM C 2018"]
[Site "Willingen GER"]
[Date "2018.05.26"]
[Round "9"]
[White "Schneble, Milan"]
[Black "Burger, Daiana"]
[Result "0-1"]
[Termination "normal"]
[Board "19"]
[WhiteElo "1258"]
[BlackElo "939"]
[PlyCount "54"]
[WhiteFideId "16266102"]
[BlackFideId "16217233"]
[EventCountry "GER"]
[EventRounds "9"]
[EventType "swiss"]
[EventDate "2018.05.19"]

1. e4 e5 2. Nf3 Nc6 3. Bc4 Bc5 4. O-O Nf6 5. d3 h6 6. Nc3 O-O 7. h3 d6 8. Be3
Nd4 9. Ne2 Nxf3+ 10. gxf3 Bxh3 11. Re1 Nh5 12. Ng3 Nxg3 13. fxg3 Bxe3+ 14. Rxe3
c6 15. Qe1 d5 16. exd5 cxd5 17. Bb3 f6 18. g4 Kh8 19. Qg3 Qb6 20. Kf2 f5 21.
gxf5 Bxf5 22. Rh1 d4 23. Rxe5 Rae8 24. a3 Rxe5 25. Qxe5 Bg4 26. Kg3 Bxf3 27.
Be6 Bxh1 0-1

[Event "ODJM C 2018"]
[Site "Willingen GER"]
[Date "2018.05.26"]
[Round "9"]
[White "Hornstein, Leonhard"]
[Black "Reichel, Sara"]
[Result "1-0"]
[Termination "normal"]
[Board "20"]
[WhiteElo "934"]
[BlackElo "1192"]
[PlyCount "73"]
[WhiteFideId "16254643"]
[BlackFideId "16245130"]
[EventCountry "GER"]
[EventRounds "9"]
[EventType "swiss"]
[EventDate "2018.05.19"]

1. d4 d5 2. c4 c6 3. e3 e6 4. Nf3 f5 5. Nc3 Nf6 6. Bd3 Be7 7. O-O Nbd7 8. c5
O-O 9. Bd2 Ne4 10. Bxe4 dxe4 11. Ne5 Nxe5 12. dxe5 g5 13. b4 Bd7 14. Ne2 Qe8
15. Bc3 Rd8 16. Ng3 g4 17. f3 Qg6 18. fxe4 fxe4 19. Rxf8+ Bxf8 20. Qe2 Be7 21.
Qc2 Qg5 {(=)} 22. Qxe4 Be8 23. Qc2 Qxe3+ 24. Kh1 Bg6 25. Qb3 Bf7 26. Re1 Qg5 {
(=)} 27. Kg1 Rd3 28. Qc4 Re3 29. Rd1 Qg6 30. Rd7 Qb1+ 31. Kf2 Bg5 32. Bd2 Qb2
33. Ne2 Qxe5 34. Bxe3 Qxe3+ 35. Kf1 b6 36. Qxg4 bxc5 37. h4 1-0

[Event "ODJM C 2018"]
[Site "Willingen GER"]
[Date "2018.05.26"]
[Round "9"]
[White "Reyher, Bastian"]
[Black "Matiashvili, Alexander Michael"]
[Result "1-0"]
[Termination "normal"]
[Board "21"]
[WhiteElo "1137"]
[BlackElo "847"]
[PlyCount "49"]
[WhiteFideId "12927465"]
[BlackFideId "16266242"]
[EventCountry "GER"]
[EventRounds "9"]
[EventType "swiss"]
[EventDate "2018.05.19"]

1. e4 e5 2. Bc4 Nf6 3. d3 Nc6 4. Nc3 Bc5 5. Nge2 d6 6. O-O Be6 7. Bb3 Qd7 8.
Kh1 O-O-O 9. Be3 Kb8 10. Nd5 Ne7 11. c4 c6 12. Nxf6 gxf6 13. Qc2 Rhg8 14. d4
exd4 15. Bxd4 Bxd4 16. Nxd4 Rg7 17. f4 f5 18. Rae1 d5 19. Qc3 fxe4 20. Nxe6 d4
21. Qb4 Qxe6 22. c5 Qh6 23. Rxe4 Rdg8 24. Rxe7 d3 25. Qxb7# 1-0

[Event "ODJM C 2018"]
[Site "Willingen GER"]
[Date "2018.05.26"]
[Round "9"]
[White "Haug, Mara"]
[Black "Yang, Marco"]
[Result "0-1"]
[Termination "normal"]
[Board "23"]
[WhiteElo "938"]
[BlackElo "1026"]
[PlyCount "108"]
[WhiteFideId "16259300"]
[BlackFideId "16254260"]
[EventCountry "GER"]
[EventRounds "9"]
[EventType "swiss"]
[EventDate "2018.05.19"]

1. e4 c5 2. Nc3 d6 3. Nf3 Nf6 4. Bc4 e6 5. d3 Be7 6. Be3 a6 7. a4 O-O 8. O-O
Nc6 9. Re1 Qb6 10. b3 Nd4 11. a5 Nxf3+ 12. Qxf3 Qc6 13. Qg3 Kh8 14. Ne2 d5 15.
e5 Nd7 16. Nf4 Rg8 17. Qh3 dxc4 18. Ng6+ fxg6 19. bxc4 Rb8 20. Bf4 b6 21. axb6
Rxb6 22. Re3 Bb7 23. Rg3 Nf8 24. Bg5 Bxg5 25. Rxg5 Rb2 26. c3 Qb6 27. Re1 Rb1
28. Kf1 Rxe1+ 29. Kxe1 Qb1+ 30. Ke2 Qc2+ 31. Ke1 Qxc3+ 32. Ke2 Qc2+ 33. Ke1
Qc1+ 34. Ke2 Qxg5 35. Ke1 Qxg2 36. Qh4 g5 37. Qh5 Qh1+ 38. Ke2 Bg2 39. Ke3 Qe1+
40. Qe2 Qxe2+ 41. Kxe2 a5 42. Kd2 Ng6 43. Kc2 Ra8 44. Kb3 a4+ 45. Ka3 Bf3 46.
d4 cxd4 47. c5 d3 48. c6 Bxc6 49. f4 gxf4 50. h4 Nxh4 51. Ka2 a3 52. Kb1 a2+
53. Ka1 Bd5 54. Kb2 a1=Q# 0-1

[Event "ODJM C 2018"]
[Site "Willingen GER"]
[Date "2018.05.26"]
[Round "9"]
[White "Shapiro, Danil"]
[Black "Vianden, Ella"]
[Result "1-0"]
[Termination "normal"]
[Board "24"]
[WhiteElo "1238"]
[BlackElo "1044"]
[PlyCount "81"]
[WhiteFideId "16260015"]
[BlackFideId "16235592"]
[EventCountry "GER"]
[EventRounds "9"]
[EventType "swiss"]
[EventDate "2018.05.19"]

1. e4 e5 2. Bc4 Nf6 3. d3 Nc6 4. Nc3 Bc5 5. f4 Ng4 6. Qxg4 O-O 7. Qg3 d6 8. Nf3
a6 9. fxe5 dxe5 10. Bh6 Qf6 11. Qg5 Qxg5 12. Bxg5 h6 13. Bd2 Ne7 14. Nxe5 Be6
15. Bxe6 fxe6 16. Nd7 Bf2+ 17. Ke2 Rf7 18. Ne5 Rff8 19. Rhf1 Bb6 20. Rf3 Rad8
21. Raf1 Rfe8 22. Rg3 Kh7 23. Rf7 Bd4 24. Rgxg7+ Kh8 25. Rxe7 Bxe5 26. Rxe8+
Rxe8 27. Rf7 Bxh2 28. Bxh6 Kg8 29. Rf2 Kh7 30. Bf4 Bxf4 31. Rxf4 Rg8 32. Rh4+
Kg7 33. Rg4+ Kh7 34. Rxg8 Kxg8 35. Kf3 Kg7 36. g4 Kg6 37. Kf4 Kf6 38. d4 c5 39.
dxc5 e5+ 40. Kg3 Kg5 41. Nd5 1-0